000 00405nam a22000977a 4500
008 160509b xxu||||| |||| 00| 0 eng d
100 _aRathje, E.
245 _aDanske poststempler for frimaerketiden : haandbog og katalog
260 _aKobenhavn
_bKopbenhavns Philatelist Klub
_c1955
650 _aDenmark | Postal History | Postal Markings | Pre-adhesive Covers | Covers | Fee Paid Mail | Catalogs and Price Lists
999 _c1997
_d1997